The nightwatchman's occurrence book : (Record no. 234094)
[ view plain ]
| 000 -LEADER | |
|---|---|
| fixed length control field | 01514cam a22003257a 4500 |
| 001 - CONTROL NUMBER | |
| control field | 13321002 |
| 003 - CONTROL NUMBER IDENTIFIER | |
| control field | Nust |
| 005 - DATE AND TIME OF LATEST TRANSACTION | |
| control field | 20170313151532.0 |
| 008 - FIXED-LENGTH DATA ELEMENTS--GENERAL INFORMATION | |
| fixed length control field | 020705r20021958nyu 000 1 eng d |
| 010 ## - LIBRARY OF CONGRESS CONTROL NUMBER | |
| LC control number | 2003542850 |
| 020 ## - INTERNATIONAL STANDARD BOOK NUMBER | |
| International Standard Book Number | 9780330491181 |
| 035 ## - SYSTEM CONTROL NUMBER | |
| System control number | (OCoLC)ocm50127839 |
| 040 ## - CATALOGING SOURCE | |
| Original cataloging agency | ORX |
| Transcribing agency | ORX |
| Modifying agency | ABC |
| -- | DLC |
| 042 ## - AUTHENTICATION CODE | |
| Authentication code | lccopycat |
| 050 00 - LIBRARY OF CONGRESS CALL NUMBER | |
| Classification number | PR9272.9.N32 |
| Item number | N54 2002 |
| 082 00 - DEWEY DECIMAL CLASSIFICATION NUMBER | |
| Classification number | 823.914 |
| Author Mark | NAI |
| 100 1# - MAIN ENTRY--PERSONAL NAME | |
| Personal name | Naipaul, V. S. |
| Fuller form of name | (Vidiadhar Surajprasad), |
| Dates associated with a name | 1932- |
| 245 14 - TITLE STATEMENT | |
| Title | The nightwatchman's occurrence book : |
| Remainder of title | and other comic inventions / |
| Statement of responsibility, etc. | V.S. Naipaul. |
| 250 ## - EDITION STATEMENT | |
| Edition statement | 1st Vintage International ed. |
| 260 ## - PUBLICATION, DISTRIBUTION, ETC. | |
| Place of publication, distribution, etc. | New York : |
| Name of publisher, distributor, etc. | Vintage International, |
| Date of publication, distribution, etc. | 2002. |
| 300 ## - PHYSICAL DESCRIPTION | |
| Extent | vii, 546 p. ; |
| Dimensions | 21 cm. |
| 500 ## - GENERAL NOTE | |
| General note | Originally published as 3 separate works in 1958, 1963 and 1967. |
| 505 0# - FORMATTED CONTENTS NOTE | |
| Formatted contents note | The suffrage of Elvira -- Mr. Stone and the knights companion -- A flag on the island. |
| 700 12 - ADDED ENTRY--PERSONAL NAME | |
| Personal name | Naipaul, V. S. |
| Fuller form of name | (Vidiadhar Surajprasad), |
| Dates associated with a name | 1932- |
| Title of a work | Suffrage of Elvira. |
| 700 12 - ADDED ENTRY--PERSONAL NAME | |
| Personal name | Naipaul, V. S. |
| Fuller form of name | (Vidiadhar Surajprasad), |
| Dates associated with a name | 1932- |
| Title of a work | Mr. Stone and the knights companion. |
| 700 12 - ADDED ENTRY--PERSONAL NAME | |
| Personal name | Naipaul, V. S. |
| Fuller form of name | (Vidiadhar Surajprasad), |
| Dates associated with a name | 1932- |
| Title of a work | Flag on the island. |
| 856 41 - ELECTRONIC LOCATION AND ACCESS | |
| Materials specified | Sample text |
| Uniform Resource Identifier | <a href="http://www.loc.gov/catdir/samples/random041/2003542850.html">http://www.loc.gov/catdir/samples/random041/2003542850.html</a> |
| 856 42 - ELECTRONIC LOCATION AND ACCESS | |
| Materials specified | Publisher description |
| Uniform Resource Identifier | <a href="http://www.loc.gov/catdir/description/random042/2003542850.html">http://www.loc.gov/catdir/description/random042/2003542850.html</a> |
| 906 ## - LOCAL DATA ELEMENT F, LDF (RLIN) | |
| a | 7 |
| b | cbc |
| c | copycat |
| d | 2 |
| e | ncip |
| f | 20 |
| g | y-gencatlg |
| 942 ## - ADDED ENTRY ELEMENTS (KOHA) | |
| Source of classification or shelving scheme | |
| Koha item type | Book |
| Withdrawn status | Lost status | Source of classification or shelving scheme | Damaged status | Not for loan | Collection code | Permanent Location | Current Location | Shelving location | Date acquired | Total Checkouts | Full call number | Barcode | Checked out | Date last seen | Date last checked out | Copy number | Price effective from | Koha item type |
|---|---|---|---|---|---|---|---|---|---|---|---|---|---|---|---|---|---|---|
| Central Library (CL) | Central Library (CL) | Fiction | 03/13/2017 | 1 | 823.914 NAI | CL852 | 09/15/2022 | 05/18/2022 | 05/18/2022 | 1 | 03/13/2017 | Book |
